'All I Want for Christmas Is You' Lyrics Quiz Stats

Quiz Updated Dec 19, 2017

Challenge
Share
Tweet
Embed
Score 0/294 Timer 10:00
1 Play Today
% Correct
I
99.3%
I
99.3%
I
99.3%
I
99.3%
I
99.3%
I
99.3%
I
99.3%
I
99.3%
I
99.3%
I
99.3%
I
99.3%
(Oh) I
99.3%
I
99.3%
I
99.3%
I
99.3%
I
99.3%
I
99.3%
I
99.3%
I
99.3%
I
99.3%
(Oh) I
99.3%
I
99.3%
(Oh) I
99.3%
I
99.3%
want
98.4%
want
98.4%
want
98.4%
want
98.4%
want
98.4%
want
98.4%
want
98.4%
want
98.4%
want
98.4%
want
98.4%
want
98.4%
want
98.4%
a
98.2%
a
98.2%
a
98.2%
a
98.2%
a
98.2%
for
98.1%
for
98.1%
for
98.1%
for
98.1%
for
98.1%
for
98.1%
for
98.1%
for
98.1%
for
98.1%
for
98.1%
for
98.1%
for
98.1%
for
98.1%
for
98.1%
Christmas.
98%
Christmas
98%
Christmas
98%
Christmas.
98%
Christmas
98%
Christmas
98%
Christmas
98%
Christmas.
98%
Christmas
98%
Christmas.
98%
Christmas
98%
is
97.2%
is
97.2%
is
97.2%
is
97.2%
is
97.2%
is
97.2%
is
97.2%
is
97.2%
you
96.9%
you
96.9%
you.
96.9%
you
96.9%
you
96.9%
you.
96.9%
You,
96.9%
you
96.9%
you.
96.9%
you
96.9%
you
96.9%
you
96.9%
you
96.9%
you.
96.9%
All
95.8%
All
95.8%
all
95.8%
All
95.8%
all
95.8%
all
95.8%
don't
92.5%
don't
92.5%
don't
92.5%
don't
92.5%
% Correct
don't
92.5%
don't
92.5%
the
92%
the
92%
the
92%
the
92%
the
92%
the
92%
the
92%
the
92%
the
92%
the
92%
the
92%
just
89.2%
just
89.2%
just
89.2%
just
89.2%
just
89.2%
just
89.2%
just
89.1%
just
89.1%
do?
88.7%
lot
87.3%
lot
87.3%
lot
87.3%
tree.
87.2%
tree.
87.2%
my
87.2%
my
87.2%
my
87.2%
my
87.2%
my
87.2%
my
87.2%
my
87.2%
my
87.2%
my
87.2%
my
87.2%
need.
87.1%
need.
87.1%
need
87.1%
need.
87.1%
one
85.8%
thing
85.7%
thing
85.7%
one
85.7%
one
85.7%
There
85.6%
there
85.6%
on
85.5%
on
85.5%
on
85.5%
There
85.4%
underneath
83.9%
underneath
83.9%
underneath
83.9%
presents
83.5%
presents
83.5%
own.
82%
own.
82%
own.
82%
wish
80.5%
wish
80.5%
wish
80.5%
wish
80.5%
ever
79.8%
ever
79.8%
ever
79.8%
know.
79.7%
know.
79.7%
know.
79.7%
come
79%
come
79%
come
79%
true.
78.5%
true.
78.5%
true.
78.5%
Make
77.9%
make
77.9%
Make
77.9%
make
77.9%
Make
77.9%
More
77.6%
More
77.6%
more
77.6%
More
77.6%
than
77.3%
than
77.3%
than
77.3%
to
76.9%
to
76.9%
to
76.9%
to
76.9%
to
76.9%
to
76.9%
baby,
76.7%
Baby,
76.7%
(Ooh) baby.
76.7%
baby
76.7%
% Correct
baby
76.7%
Baby,
76.7%
care
76.2%
care
76.2%
about
75.5%
about
75.5%
could
74.7%
could
74.7%
could
74.7%
me
71.5%
me
71.5%
me
71.5%
me?
71.5%
Santa
66.1%
Santa
66.1%
Saint
65.9%
won't
65.3%
won't
65.2%
won't
65.2%
won't
65.2%
won't
65.2%
won't
65.2%
Won't
65.2%
this
64.4%
This
64.4%
can
63.3%
snow.
61.1%
ask
61%
and
60.3%
And
60.3%
And
60.3%
stocking
60.2%
mistletoe.
60.2%
even
58.3%
even
58.3%
so
56.8%
so
56.8%
day.
56.7%
hang
55.6%
fireplace.
54.2%
much
54.2%
Claus
53.7%
What
53.4%
happy
53.1%
Nick.
52.7%
see
51.7%
it
51.1%
with
50.1%
I'm
48.6%
I'm
48.6%
are
47.5%
upon
47.5%
bring
46.3%
bring
46.3%
please
46.1%
here
44.6%
really
44.6%
hear
44.3%
hear
44.3%
of
44.3%
asking
43.3%
list
43.2%
toy
41.2%
sleigh
40.9%
lights
40.9%
those
40.7%
those
40.7%
bells
40.7%
North
40.3%
Pole
40.3%
send
39.6%
door.
39.2%
tight.
39.1%
tonight,
38.9%
shining
38.7%
reindeer
38.5%
holding
38.5%
standing
38%
waiting
37.6%
right
37.2%
outside
37%
ringing.
36%
brightly
35.9%
air.
35%
everywhere.
34.9%
stay
34.7%
keep
33.6%
laughter
32.9%
fills
32.8%
magic
32.3%
gonna
31.8%
awake
31.7%
singing.
31.3%
sound
31%
children's
29.8%
'Cause
28.9%
everyone
28.7%
click.
27.1%

You're not logged in!

Compare scores with friends on all Sporcle quizzes.
Sign Up with Email
OR
Log In

You Might Also Like...

Show Comments

Extras

Top Quizzes Today


Score Distribution

Your Account Isn't Verified!

In order to create a playlist on Sporcle, you need to verify the email address you used during registration. Go to your Sporcle Settings to finish the process.